The cultural dimension of development : (Record no. 541478)
[ view plain ]
| 000 -LEADER | |
|---|---|
| fixed length control field | 01023mam a2200277 a 4500 |
| 020 ## - INTERNATIONAL STANDARD BOOK NUMBER | |
| International Standard Book Number | 1853392510 (pbk.) |
| 020 ## - INTERNATIONAL STANDARD BOOK NUMBER | |
| International Standard Book Number | 1853392642 |
| 082 ## - DEWEY DECIMAL CLASSIFICATION NUMBER | |
| Classification number | 306.08 |
| Author Mark | WAR |
| -- | N-02 , P-53 |
| 245 04 - TITLE STATEMENT | |
| Title | The cultural dimension of development : |
| Remainder of title | indigenous knowledge systems / |
| Statement of responsibility, etc. | edited by D. Michael Warren, L. Jan Slikkerveer, David Brokensha ; technical editor, Wim H.J.C. Dechering. |
| 260 ## - PUBLICATION, DISTRIBUTION, ETC. | |
| Place of publication, distribution, etc. | London : |
| Name of publisher, distributor, etc. | Intermediate Technology Publications, |
| Date of publication, distribution, etc. | 1995. |
| 300 ## - PHYSICAL DESCRIPTION | |
| Extent | xviii, 582 p. : |
| Other physical details | ill. ; |
| Dimensions | 24 cm. |
| 526 ## - STUDY PROGRAM INFORMATION NOTE | |
| Program name | 0 |
| Interest level | 0 |
| Reading level | 0 |
| Title point value | 306_080000000000000_WAR |
| 650 #0 - SUBJECT ADDED ENTRY--TOPICAL TERM | |
| Topical term or geographic name entry element | Applied anthropology. |
| 9 (RLIN) | 32778 |
| 650 #0 - SUBJECT ADDED ENTRY--TOPICAL TERM | |
| Topical term or geographic name entry element | Culture conflict. |
| 9 (RLIN) | 36403 |
| 650 #0 - SUBJECT ADDED ENTRY--TOPICAL TERM | |
| Topical term or geographic name entry element | Ethnobotany. |
| 9 (RLIN) | 36404 |
| 650 #0 - SUBJECT ADDED ENTRY--TOPICAL TERM | |
| Topical term or geographic name entry element | Folk classification. |
| 9 (RLIN) | 36405 |
| 650 #0 - SUBJECT ADDED ENTRY--TOPICAL TERM | |
| Topical term or geographic name entry element | Forest ecology. |
| 9 (RLIN) | 36406 |
| 650 #0 - SUBJECT ADDED ENTRY--TOPICAL TERM | |
| Topical term or geographic name entry element | Human ecology. |
| 650 #0 - SUBJECT ADDED ENTRY--TOPICAL TERM | |
| Topical term or geographic name entry element | Indigenous peoples. |
| 9 (RLIN) | 7838 |
| 650 #0 - SUBJECT ADDED ENTRY--TOPICAL TERM | |
| Topical term or geographic name entry element | NUST |
| 9 (RLIN) | 6342 |
| 700 1# - ADDED ENTRY--PERSONAL NAME | |
| Personal name | Brokensha, David. |
| 9 (RLIN) | 36407 |
| 700 1# - ADDED ENTRY--PERSONAL NAME | |
| Personal name | Dechering, Wim H. J. C. |
| 9 (RLIN) | 36408 |
| 700 1# - ADDED ENTRY--PERSONAL NAME | |
| Personal name | Slikkerveer, L. J. |
| 9 (RLIN) | 36409 |
| 700 1# - ADDED ENTRY--PERSONAL NAME | |
| Personal name | Warren, Dennis M. |
| 9 (RLIN) | 36410 |
| 942 ## - ADDED ENTRY ELEMENTS (KOHA) | |
| Source of classification or shelving scheme | |
| Koha item type | Book |
| Withdrawn status | Lost status | Source of classification or shelving scheme | Damaged status | Not for loan | Permanent Location | Current Location | Shelving location | Date acquired | Total Checkouts | Full call number | Barcode | Date last seen | Price effective from | Koha item type |
|---|---|---|---|---|---|---|---|---|---|---|---|---|---|---|
| Military College of Engineering (MCE) | Military College of Engineering (MCE) | Reference | 07/30/2013 | 306.08 WAR | MCE-47479 | 07/30/2013 | 03/14/2021 | Book |
